Chanson à trous : Diam's - La Boulette - Statistiques

Statistiques générales
  • Ce quiz a été pris 164 fois
  • Le résultat moyen est 13 sur 21
Statistiques - réponses
Couplets La Boulette - Diam's % Correct
2 On m'a dit qu't'aimais le rap, voilà de la boulette Sortez les {briquets}, il fait trop dark dans nos têtes
94%
1 Alors, ouais, j'me la {raconte} Ouais-ouais, je déconne Non-non, c'est pas l'école qui m'a dicté mes codes
90%
10 Alors ouais, on déconne, ouais-ouais On étonne, non-non C'est pas l'école qui nous a dicté nos codes, non-non {Génération} non-non Alors ouais, on déconne, ouais-ouais On étonne, non-non C'est pas l'école qui nous a dicté nos codes, non-non {Génération} non-non
76%
17 Alors ouais, on déconne, ouais-ouais On étonne, non-non C'est pas l'école qui nous a dicté nos codes, non-non {Génération} non-non Alors ouais, on déconne, ouais-ouais On étonne, non-non C'est pas l'école qui nous a dicté nos codes, non-non {Génération} non-non
76%
22 Alors ouais, on déconne, ouais-ouais On étonne, non-non C'est pas l'école qui nous a dicté nos codes, non-non {Génération} non-non Alors ouais, on déconne, ouais-ouais On étonne, non-non C'est pas l'école qui nous a dicté nos codes, non-non {Génération} non-non
76%
8 Y a comme un goût d'attentat, comme un goût de Bertrand Cantat Comme un goût d'anthrax pendant {l}'{entracte}
72%
14 J'suis qu'une boulette, me demande pas si j'aime la vie Moi, j'aime la rime, et j'emmerde {Marine} Juste parce que ça fait zizir
71%
9 Y a comme un goût de foulek-foulek chez les {mômes} Comme un goût de boulette boulette sur les ondes
68%
16 Y a comme un goût de foulek-foulek chez les {mômes} Comme un goût de boulette boulette sur les ondes
68%
19 Comme un goût de démé-démago dans la bouche de {Sarko} Comme un goût de mi-michto' près des Mercos
67%
12 Comme un goût de peur chez les meufs de l'an 2000, y a Comme un goût de beuh dans {l}'{oxygène} que l'on respire
66%
4 Comme un goût d'aigreur chez les jeunes de l'an 2000, y a Comme un goût d'erreur quand j'vois le {taux} {de} {suicide}
63%
3 Y a comme un goût de {haine} quand je marche dans ma ville, y a Comme un goût de gène quand je parle de ma vie, y a
63%
11 Y a comme un goût de viol quand je marche dans ma ville, y a Comme un goût {d}'{alcool} dans les locaux de police, y a
60%
13 Me demande pas ce qui les pousse à te casser les couilles J'suis pas les secours, j'suis qu'une petite qui {se} {débrouille}, moi
57%
56 Me demande pas ce qui les pousse à casser {des} {vitrines} J'suis pas la mairie, j'suis qu'une artiste en dev'nir, moi
55%
15 Y a comme un goût de Bad Boy, comme un goût d'Al Capone Comme un goût de hardcore (hardcore) dans {les} {écoles}
52%
20 Y a comme un goût de "koop-koop" dans les chambres des jeunes Y a comme un goût de "boom-boom" dans le cœur de {mes} {sœurs}
48%
7 J'suis qu'une boulette, me demande pas si j'ai {le} {bac} J'ai que le rap, et je l'embarque et je l'embrase Je le mate car je l'embrasse
38%
21 Y a comme un goût de "j'suis {soûlée}", de tout ce qui se déroule Y a comme un goût de foulek, de boulette qui saute dans la foule
34%
18 Y a comme un goût d'église dans l'inceste et dans l'enfance, y a Comme un goût {d}'{Afrique} dans les caisses de la France, y a
31%
Aucun quiz correspondant
Distribution des résultats
% des personnes avec chaque résultat
Percentile par nombre de réponses
Votre historique - résultats
Vous n’avez pas pris ce quiz